| 000 | 00809cam a2200241 a 4500 | ||
|---|---|---|---|
| 001 | 4491288 | ||
| 005 | 20180208031500.0 | ||
| 008 | 971002s1998 cau b 001 0 eng | ||
| 010 | _a 97041753 | ||
| 020 | _a0787940305 (pbk. : alk. paper) | ||
| 040 |
_aDLC _cDLC _dDLC |
||
| 041 | _aeng | ||
| 043 | _an-us--- | ||
| 080 | _a378.1/67 FAS | ||
| 082 | 0 | 0 |
_a378.1/67 FAS _221 |
| 100 | 1 | _a49 | |
| 101 | _aEDU | ||
| 245 | 0 | 0 |
_aEffective grading : _cBarbara E. Walvoord, Virginia Johnson Anderson. |
| 504 | _aIncludes bibliographical references (p. 233-241) and index. | ||
| 906 |
_a7 _bcbc _corignew _d1 _eocip _f19 _gy-gencatlg |
||
| 942 |
_2ddc _cBK |
||
| 999 |
_c42051 _d42051 |
||